| 000 | 01169cas a22002415 4500 | ||
|---|---|---|---|
| 001 | L139701 | ||
| 008 | 110124c2009 xxkfr ws ss 0 a0eng u | ||
| 035 | _a(Sirsi) u139701 | ||
| 041 | 0 | _aeng | |
| 050 | _a333.33 $2 18 | ||
| 110 | 2 |
_aCB Richard Ellis _93675 |
|
| 245 | 0 | 0 |
_aGlobal Office MarketView _h[electronic resource] |
| 260 |
_a[S.l] _bCBRE _c2009- |
||
| 362 | 0 | _aJune 2009- | |
| 490 | 0 |
_aCB Richard Ellis Global Office MarketView _v2009- |
|
| 520 | _aReports in different issues on office rents, the rental cycle and occupancy costs for the key markets in the following regions: Asia Pacific, Latin America and the Caribbean, the United States and Canada, and Europe, the Middle East and Africa. Includes the global 50 index for the most expensive office markets and the global 50 index for the fastest growing office markets. | ||
| 554 | _aTwo issues per year | ||
| 650 | 2 | 4 | _aCB RICHARD ELLIS GLOBAL OFFICE MARKETVIEW |
| 651 | 4 | _aInternational | |
| 690 | _aPROPERTY-COMMERCIAL PROPERTY-COMMERCIAL PROPERTY MARKET | ||
| 856 | 4 | 0 |
_uhttps://www.cbre.com/EN/Research/pages/globalreports.aspx _zView the item free of charge at www.cbre.com |
| 942 | _n0 | ||
| 999 |
_c119114 _d119114 |
||